Statistics for Guess the Taylor Swift Song (no hints) 59

Click here to take the quiz!

General Stats

  • This quiz has been taken 46 times
  • The average score is 265 of 323

Answer Stats

Answer% Correct
I
100%
a
98%
me
98%
You
98%
you
98%
it
95%
the
95%
to
95%
And
93%
and
93%
I'm
93%
like
93%
my
93%
on,
93%
on
93%
this
93%
we
93%
your
93%
you're
93%
You're
93%
But
90%
It's
90%
it's
90%
back
88%
back,
88%
be
88%
go
88%
had
88%
I'd
88%
no
88%
all
86%
don't
86%
have
86%
now
86%
now,
86%
see
86%
too
86%
what
86%
Can't
83%
can't
83%
just
83%
know
83%
not
83%
Oh,
83%
gone,
81%
gone
81%
He
81%
he
81%
never
81%
Never
81%
out
81%
thought
81%
Come
79%
come
79%
leave
79%
time
79%
ever
76%
figured
74%
From
74%
haunted
74%
said
74%
Something
74%
walk
74%
wanted
74%
breath
71%
every
71%
there
71%
turn
71%
eyes
69%
line
69%
live
69%
nothing
69%
was
69%
whenever
69%
wrong
69%
again
67%
away
67%
break
67%
breathe
67%
fragile
67%
known
67%
made
67%
Something's
67%
terribly
67%
everything
64%
holding
64%
over
64%
Won't
64%
make
62%
cold
60%
take
60%
big
57%
coming
57%
getting
57%
keeps
57%
lose
57%
mean
57%
might
57%
mistake
57%
quiet
57%
word
57%
anything
55%
dark
55%
instead
55%
still
55%
watched
55%
finish
52%
pain
52%
smile
52%
started
52%
Stood
52%
trust
52%
whole
52%
will
52%
wishing
52%
try
50%
Oh-oh,
38%
oh-oh,
38%
oh-oh-oh
29%

Score Distribution

Percentile by Number Answered

Percent of People with Each Score

Your Score History

You have not taken this quiz